Lecciones sobre la ciencia de la opinión pública

Podrobná bibliografie
Hlavní autor: Rovigatti, Vitaliano
Médium: Souprava
Jazyk:Spanish
Edice:Colección Intiyan
Témata:

MARC

LEADER 00000csc a2200000 a 4500
001 62294
005 20230308212929.0
008 984112|1981 ||||||||r|||||||||||spa||
040 |b spa 
041 1 |a spa 
082 0 |a 070.431 
100 1 |a Rovigatti, Vitaliano  |9 249011 
245 |a Lecciones sobre la ciencia de la opinión pública  |c Vitaliano Rovigatti  |h imp 
264 |a Quito  |b Ciespal  |c 1981 
300 |a 277 páginas:  |c 22 cm 
490 |a Colección Intiyan  |n no. 13 
504 |a incl. ref. 
650 |a Comunicacion  |9 328 
650 |a Opinion publica  |9 21622 
852 |a UC-CDJBV  |c ESTANTERIA CERRADA  |f Compra  |k lucia.mora  |l 1  |m General  |p 19841128  |q 240,00  |r 2  |t 62294  |b 0  |d CDRC  |e CDRC  |g 070.431 ESTANTERIA CERRADA  |z 1984-41-12 
942
999 |c 123805  |d 123805